| 000 | 00335nam a2200145Ia 4500 | ||
|---|---|---|---|
| 008 | 230917s9999||||xx |||||||||||||| ||und|| | ||
| 040 |
_e97316 _aMAIN |
||
| 041 | _aEnglish | ||
| 082 | _a412 L51S | ||
| 100 | _aLeech, Geoffrey | ||
| 245 | 0 | _aSemantics | |
| 260 |
_aEngland _bPenguin Books _c1975 |
||
| 300 | _axii, 386 p. | ||
| 942 | _cBK | ||
| 999 |
_c45693 _d45693 |
||